Načítá se...
Ushnarasi: Karappurathinte ithihasam
| Hlavní autor: | |
|---|---|
| Médium: | Printed Book |
| Vydáno: |
Green books
Trichur
2015
|
| LEADER | 00376nam a22001097a 4500 | ||
|---|---|---|---|
| 082 | |a 894.8123 |b MOH.U | ||
| 100 | |a MohanKumar, KV | ||
| 245 | |a Ushnarasi: Karappurathinte ithihasam | ||
| 260 | |a Green books |b Trichur |c 2015 | ||
| 942 | |c BK | ||
| 999 | |c 22882 |d 22882 | ||
| 952 | |0 0 |1 0 |4 0 |6 894_812300000000000_MOH_U |7 0 |9 25536 |a CAMPUS |b CAMPUS |d 2018-05-22 |l 0 |o 894.8123 MOH.U |p 26250 |r 2018-05-22 |w 2018-05-22 |y BK | ||